000 00313nam a22001337a 4500
008 170613b xxu||||| |||| 00| 0 eng d
020 _a136860486
041 _aeng
080 _a338
100 _a19
101 _aSHP
245 _aTHE POLITICS AND ECONOMICS OF STATE-LOCAL-FINANCE
_cRACZ,L.L
942 _2udc
_cBK
999 _c17212
_d17212